| 000 | 00857nam a22002897a 4500 | ||
|---|---|---|---|
| 003 | CHAP | ||
| 005 | 20220329140841.0 | ||
| 008 | 971013s r 00010 d | ||
| 010 | _a58599 | ||
| 011 | _a59571 | ||
| 035 | _a63730 | ||
| 040 | _cCHAP | ||
| 090 | _aFolleto 7942 | ||
| 100 | 0 | 0 |
_aSwann, Charles W. _9110860 |
| 245 | _aRight of way pest control | ||
| 260 |
_aGainesville, Fla. : _bInstitute of Food and Agricultural Science, _c(s.a.) |
||
| 300 |
_a7 p. _b: ilus. |
||
| 490 | _aApplicator training manual | ||
| 590 |
_aBATCH-UPD _b10 _c20130110 _lUCH01 _h0910 |
||
| 590 |
_aCONVERSION _b10 _c20130109 _lUCH01 _h1331 |
||
| 650 | 1 | 4 |
_aHerbicidas. _953691 |
| 650 | 1 | 4 |
_aMalas hierbas _xControl. _970011 |
| 830 | 0 |
_aApplicator training manual _96355 |
|
| 901 | _aBK | ||
| 942 | _cFOLL | ||
| 949 |
_aFolleto 7942 _bBC _cFOLL _d-137288 _eTS1 _i63730 _si |
||
| 999 |
_c58599 _d58599 |
||